000 00457 a2200157 4500
005 20250619134016.0
020 _a978-007-3530284
082 _a303 PIE
100 _aPIERCE, J. L.
245 _aLeaders & The Leadership Process: Reading Self- Assessments & Applications.
250 _a5thEd.
260 _aNew York,
_bMcGraw-Hill Irwin,
_c2008.
300 _axxxix,530p.: ill.; figure, picture.
_bIndex.
_c27cm.
700 _aNEWSTROM,J.W.
942 _2ddc
_cBKS
999 _c257
_d257